Music Quiz

Random Music Quiz

Insult a Musician! Quiz Stats

Quiz not verified by Sporcle

Challenge
Share
Tweet
Embed
Score 0/22 Timer 10:00
0 Plays Today
% Correct
The conductor. Business before pleasure.
95.8%
A goalpost that can't march.
95.4%
Lawn mowers sound better in small ensembles.
95%
Government bonds eventually mature and earn money
95%
There is no difference. The violin just looks smaller because the violinist's head is so much bigger.
94.9%
One is deadly poisonous, and the other is a reptile.
94.9%
The Uzi stops after 20 rounds.
94.7%
Setting a bassoon on fire.
94.7%
The squirrel might have been on his way to a gig.
94.2%
To get away from the noise.
93.9%
Two; one to screw it in and the other to say, 'Isn't that a little high for you?'
93%
% Correct
A drummer.
92.8%
They can't find the key and they don't know when to come in.
89.9%
Will the defendant please rise?
89.6%
Write 'pp, espressivo'
88.8%
The knocking gets faster and faster and faster.
88.7%
Where his brain should be.
88.1%
Hold out a check (but don't be fooled: a slight, residual spasmodic clutching action may occur even hours after death has occurred).
87%
The stage is level.
85.8%
Your wife returns to you, your dog comes back to life, and you get out of prison.
85.8%
Keeps assassins guessing.
85.2%
1...5...1... (1...4...5...5...1)
69.8%

You're not logged in!

Compare scores with friends on all Sporcle quizzes.
Join for Free
OR
Log In

You Might Also Like...

Show Comments

Extras

Created Mar 18, 2014SourceReportNominate
Tags:humor, insult, jokes, musician

Top Quizzes Today


Score Distribution

Your Account Isn't Verified!

In order to create a playlist on Sporcle, you need to verify the email address you used during registration. Go to your Sporcle Settings to finish the process.

Report this User

Report this user for behavior that violates our Community Guidelines.

Details: